| 000 | 00882nas a2200265 4500 | ||
|---|---|---|---|
| 001 | BR9207887 | ||
| 003 | BR-BrBNA | ||
| 005 | 20231205093044.0 | ||
| 007 | ta | ||
| 008 | 230509b bl.|||p| |||| 00| 00por d | ||
| 040 |
_aBR-BrBNA _bpor _cBiblioteca Nacional de Agricultura |
||
| 041 | _a(En) | ||
| 072 | _aJ10 | ||
| 100 | 1 | _aSingh, S.P. | |
| 100 | 1 | _aMarcondes, J. | |
| 245 | 1 | _aShock, vibration and temperature distribution in refrigerated truck shipments of food products | |
| 246 | 1 | _aShock, vibration and temperature distribution in refrigerated truck shipments of food products | |
| 650 | _aALIMENTO | ||
| 650 | _aTRANSPORTE | ||
| 650 | _aREFRIGERACAO | ||
| 650 | _aVIBRACAO | ||
| 773 | 0 |
_tArquivos de Biologia e Tecnologia (Brazil) _xISSN 0365-0979 _g(Aug 1990), v. 33(2) p. 335-344 _wBR9207887 |
|
| 909 |
_a202311 _bLúcia _c55 _dLúcia Elande |
||
| 942 |
_2AGRIS _n0 _cANA |
||
| 999 |
_c135926 _d135926 |
||